Catecismo de la Iglesia Católica: compendio

Salvato in:
Dettagli Bibliografici
Natura: Libro
Lingua:spagnolo
Pubblicazione: Lima Paulinas 2005
Lima EPICONSA 2005
Edizione:1a. ed
Soggetti:
Tags: Aggiungi Tag
Nessun Tag, puoi essere il primo ad aggiungerne!!

MARC

LEADER 00000nam a2200000 a 4500
001 UCI0113
003 CL-VaPUC
008 070420e20050000PE |||||||||||||||||spa|d
020 |a 9972050394 
020 |a 9972050386 
082 0 4 |a 238.2  |b CAT  |2 21 
245 1 0 |a Catecismo de la Iglesia Católica: compendio 
250 |a 1a. ed 
300 |a 221 p 
942 |c BK 
945 |d 20070420 00:00:00  |a lvergara 
260 |a Lima  |b Paulinas  |c 2005 
260 |a Lima  |b EPICONSA  |c 2005 
650 7 |a CATECISMOS Y CREDOS  |2 CL-VaPUC  |9 258689 
650 0 |a Catolicismo  |9 258690 
650 0 |a Iglesia Católica  |9 256114 
650 7 |a EVANGELIZACION  |2 CL-VaPUC  |9 520229 
583 |a last modification  |c 20130304 03:05:37  |k Rodrigo Vera 
999 |c 325401  |d 325399 
952 |0 0  |1 0  |4 0  |6 238_200000000000000_CAT_2005_2005  |7 0  |8 A  |9 406265  |a BIBTEO  |b BIBTEO  |d 2019-11-22  |i 4331451  |o 238.2 CAT 2005 2005  |p 4331451  |r 2025-01-17  |w 2019-11-22  |y BK  |k ICR 
952 |0 0  |1 0  |4 0  |6 238_200000000000000_CAT_2005_2005  |7 0  |8 A  |9 406266  |a BIBTEO  |b BIBTEO  |d 2019-11-22  |i 433146K  |l 1  |o 238.2 CAT 2005 2005  |p 433146K  |r 2025-01-17  |s 2024-08-26  |w 2019-11-22  |y BK  |k ICR 
952 |0 0  |1 0  |4 0  |6 238_200000000000000_CAT_2005_2005  |7 0  |8 A  |9 406267  |a BIBTEO  |b BIBTEO  |d 2019-11-22  |i 4331478  |o 238.2 CAT 2005 2005  |p 4331478  |r 2025-01-17  |w 2019-11-22  |y BK  |k ICR 
952 |0 0  |1 2  |4 0  |6 238_200000000000000_CAT_2005_2005  |7 0  |8 A  |9 406268  |a BIBTEO  |b BIBTEO  |d 2019-11-22  |i 4331443  |o 238.2 CAT 2005 2005  |p 4331443  |r 2019-11-22  |w 2019-11-22  |y BK  |k ICR 
952 |0 0  |1 0  |4 0  |6 238_200000000000000_CAT_2005_2005  |7 0  |8 A  |9 406269  |a BIBTEO  |b BIBTEO  |d 2019-11-22  |i 4331486  |o 238.2 CAT 2005 2005  |p 4331486  |r 2025-01-17  |w 2019-11-22  |y BK  |k ICR 
952 |0 0  |1 0  |4 0  |6 238_200000000000000_CAT_2005_2005  |7 0  |8 A  |9 406270  |a BIBTEO  |b BIBTEO  |d 2019-11-22  |i 4331508  |o 238.2 CAT 2005 2005  |p 4331508  |r 2025-01-17  |w 2019-11-22  |y BK  |k ICR 
952 |0 0  |1 0  |4 0  |6 238_200000000000000_CAT_2005_2005  |7 0  |8 A  |9 406271  |a BIBTEO  |b BIBTEO  |d 2019-11-22  |i 4331516  |o 238.2 CAT 2005 2005  |p 4331516  |r 2025-01-17  |w 2019-11-22  |y BK  |k ICR 
952 |0 0  |1 0  |4 0  |6 238_200000000000000_CAT_2005_2005  |7 0  |8 A  |9 406272  |a BIBTEO  |b BIBTEO  |d 2019-11-22  |i 4331494  |o 238.2 CAT 2005 2005  |p 4331494  |r 2025-01-17  |w 2019-11-22  |y BK  |k ICR